| 000 -CABECERA |
| fixed length control field |
01318nam a22002777i 4500 |
| 003 - IDENTIFICADOR DEL NÚMERO DE CONTROL |
| control field |
AR-CdUCM |
| 008 - DATOS DE LONGITUD FIJA--INFORMACIÓN GENERAL |
| fixed length control field |
240916b20182018 peo|||| |||| 00| 0 spa d |
| 020 ## - NÚMERO INTERNACIONAL ESTÁNDAR DEL LIBRO |
| ISBN |
978-612-4221-80-4 |
| 040 ## - FUENTE DE LA CATALOGACIÓN |
| Agencia/entidad que catalogó originalmente la obra |
MUNICIPALIDAD PROVINCIAL DEL CUSCO |
| Entidad que transcribió la catalogación |
BIBLIOTECA MUNICIPAL DEL CUSCO |
| 082 ## - NÚMERO DE LA CLASIFICACIÓN DECIMAL DEWEY |
| No. de Clasificación |
641.86 / P66D |
| Notacion interna |
P66D |
| 100 ## - ENTRADA PRINCIPAL--NOMBRE DE PERSONA |
| Nombre Personal |
Plevisani, Sandra |
| 245 ## - MENCIÓN DE TÍTULO |
| Título |
Dulces de Convento / |
| 260 ## - PUBLICACIÓN, DISTRIBUCIÓN, ETC. |
| Lugar de publicación, distribución, etc. |
Perú : |
| Nombre de la editorial, distribuidor, etc. |
Fondo editorial - USMP |
| Fecha de publicación, distribución, etc. |
2018 |
| 300 ## - DESCRIPCIÓN FÍSICA |
| Nº de Páginas Extensión |
198 páginas. : |
| Otros detalles físicos |
26 cm. |
| 500 ## - NOTA GENERAL |
| Bibliografía |
Bibliografía: 200-201 páginas. |
| 505 ## - NOTA DE CONTENIDO CON FORMATO |
| Nota de contenido formateada |
Monasterio de las concepcionistas Descalzas de San José (Lima) -- Monasterio de La Concepción (Lima) -- Monasterio de Jesús, María y José (Lima) -- Monasterio de Santa Clara -- Monasterio de las Trinitarias (Lima) -- Monasterio de las Carmelitas (Lima) -- Monasterio de Santa Catalina (Arequipa) -- Monasterio de Santa Teresa (Arequipa) -- Monasterio de Santa Catalina (Cusco) -- Monasterio de Santa Teresa (Cusco) -- Monasterio de Santa Teresa (Ayacucho) |
| 650 ## - PUNTO DE ACCESO ADICIONAL DE MATERIA--TÉRMINO DE MATERIA |
| Descriptor |
Recetario |
| 9 (RLIN) |
50401 |
| 650 ## - PUNTO DE ACCESO ADICIONAL DE MATERIA--TÉRMINO DE MATERIA |
| Descriptor |
Postres y dulces |
| 9 (RLIN) |
50473 |
| 650 ## - PUNTO DE ACCESO ADICIONAL DE MATERIA--TÉRMINO DE MATERIA |
| Descriptor |
Historia de Monasterios |
| 9 (RLIN) |
50474 |
| 650 ## - PUNTO DE ACCESO ADICIONAL DE MATERIA--TÉRMINO DE MATERIA |
| Descriptor |
Recetas en los conventos |
| 9 (RLIN) |
50475 |
| 650 ## - PUNTO DE ACCESO ADICIONAL DE MATERIA--TÉRMINO DE MATERIA |
| Descriptor |
Postres tradicionales |
| 9 (RLIN) |
50476 |
| 700 ## - PUNTO DE ACCESO ADICIONAL--NOMBRE DE PERSONA |
| Nombre Personal |
Muñoz-Najar, Teresina |
| 9 (RLIN) |
50193 |
| 942 ## - ELEMENTOS DE PUNTO DE ACCESO ADICIONAL (KOHA) |
| Fuente de clasificación |
|
| Tipo de item |
Libros-BMC |
| 945 ## - PROCESAMIENTO DE INFORMACIÓN LOCAL (OCLC) |
| Catalogador |
pbj |
| AAAA-MM-DD - Fecha de ingreso o modificacion |
16/09/24 |